| 000 | 00687nas a22001817a 4500 | ||
|---|---|---|---|
| 999 |
_c35176 _d35176 |
||
| 003 | OSt | ||
| 005 | 20240605164831.0 | ||
| 008 | 240604b ||||| |||| 00| 0 eng d | ||
| 040 |
_aBMC _cBMC |
||
| 082 | _a657.3 | ||
| 245 | 0 | 0 |
_aInforme ejecutivo _b: 2019-2024 |
| 260 |
_aSan Salvador, El Salvador _bMinisterio de Trabajo y Previsión Social _c2024 |
||
| 300 |
_a49 p. _c28 cm _bil. col. |
||
| 505 | _aContiene: Herramientas de inteligencia para el mercado laboral.- Derechos laborales para trabajadores.- Acreditación sindical.- | ||
| 650 | 2 | 4 |
_926769 _aInformes de gestión |
| 710 |
_940384 _aEl Salvador _bMinisterio de Trabajo y Previsión Social |
||
| 942 |
_2ddc _cPR _hprozim |
||